Nové zpusoby odstraňování odpadu (pneumatická doprava)

Enregistré dans:
Détails bibliographiques
Auteur principal: Soukup, Jozef (Auteur)
Format: Livre
Langue:tchèque
Publié: Praha : VÚVA, 1990
Édition:1. vyd.
Sujets:
Tags: Ajouter un tag
Pas de tags, Soyez le premier à ajouter un tag!

MARC

LEADER 00000nam a22000003a 4500
001 stu11090
005 20150617225802.0
008 950215s1990----cs------------------cze-d
020 |a 8085124068 
040 |a STU  |b slo 
041 0 |a cze 
044 |a cs 
100 1 |a Soukup, Jozef  |4 aut 
245 1 |a Nové zpusoby odstraňování odpadu (pneumatická doprava) 
250 |a 1. vyd. 
260 |a Praha :  |b VÚVA,  |c 1990 
300 |a 133 s 
650 7 |a odpad  |2 stusub 
650 7 |a technické zariadenia budov  |2 stusub 
996 |b 284AU00877  |c A*1260 U  |l AAKNAR  |s A  |a 24  |w stu11090_0001